Computational aerodynamics and fluid dynamics: an introduction (Record no. 79633)

MARC details
000 -LEADER
fixed length control field 01414nam a2200241 a 4500
008 - FIXED-LENGTH DATA ELEMENTS--GENERAL INFORMATION
fixed length control field 190822s2010 ||||||||||||||||| || u
020 ## - INTERNATIONAL STANDARD BOOK NUMBER
International Standard Book Number 9783642077982
050 ## - LIBRARY OF CONGRESS CALL NUMBER
Classification number QA 911 Cha
100 ## - MAIN ENTRY--PERSONAL NAME
Personal name Chattot, Jean-Jaques
245 10 - TITLE STATEMENT
Title Computational aerodynamics and fluid dynamics: an introduction
Statement of responsibility, etc. By Jean-Jacques Chattot
260 ## - PUBLICATION, DISTRIBUTION, ETC.
Place of publication, distribution, etc. California
Name of publisher, distributor, etc. Springer
Date of publication, distribution, etc. 2010
300 ## - PHYSICAL DESCRIPTION
Extent xi, 192 pages : illustrations
650 ## - SUBJECT ADDED ENTRY--TOPICAL TERM
Topical term or geographic name entry element METHEMATICAL PHYSICS
650 #0 - SUBJECT ADDED ENTRY--TOPICAL TERM
Topical term or geographic name entry element PHYSICS
650 ## - SUBJECT ADDED ENTRY--TOPICAL TERM
Topical term or geographic name entry element MECHANICS
650 #0 - SUBJECT ADDED ENTRY--TOPICAL TERM
Topical term or geographic name entry element COMPUTATIONAL FLUID DYNAMICS
650 ## - SUBJECT ADDED ENTRY--TOPICAL TERM
Topical term or geographic name entry element FLUID DYNAMICS--MATHEMATICAL MODELS
995 ## -
-- MAIN LIBRARY OPEN ACCESS
-- 75.70
-- 749922
-- CBU-MAIN LIBRARY (Kitwe)
-- QA 911 Cha
-- 4
-- AVAILABLE
-- Aug 27, 2019
-- 749922
-- Main Library Open Access Collection
995 ## -
-- MAIN LIBRARY OPEN ACCESS
-- 75.70
-- 749925
-- CBU-MAIN LIBRARY (Kitwe)
-- QA 911 Cha
-- 5
-- AVAILABLE
-- Aug 27, 2019
-- 749925
-- Main Library Open Access Collection
995 ## -
-- MAIN LIBRARY OPEN ACCESS
-- 75.70
-- 749926
-- CBU-MAIN LIBRARY (Kitwe)
-- QA 911 Cha
-- 1
-- AVAILABLE
-- Aug 27, 2019
-- 749926
-- Main Library Open Access Collection
995 ## -
-- MAIN LIBRARY OPEN ACCESS
-- 75.70
-- 749923
-- CBU-MAIN LIBRARY (Kitwe)
-- QA 911 Cha
-- 3
-- AVAILABLE
-- Aug 27, 2019
-- 749923
-- Main Library Open Access Collection
995 ## -
-- MAIN LIBRARY OPEN ACCESS
-- 75.70
-- 749924
-- CBU-MAIN LIBRARY (Kitwe)
-- QA 911 Cha
-- 2
-- AVAILABLE
-- Aug 27, 2019
-- 749924
-- Main Library Open Access Collection
999 ## -
-- 79633
-- 79633
Holdings
Withdrawn status Lost status Source of classification or shelving scheme Damaged status Not for loan Permanent Location Current Location Shelving location Date acquired Total Checkouts Full call number Barcode Date last seen Copy number Price effective from Koha item type
          CBU-MAIN LIBRARY, KITWE. CBU-MAIN LIBRARY, KITWE.   06/29/2023   QA 911 Cha 749922 06/29/2023 1 06/29/2023 MONOGRAPH
          CBU-MAIN LIBRARY, KITWE. CBU-MAIN LIBRARY, KITWE.   06/29/2023   QA 911 Cha 749925 06/29/2023 2 06/29/2023 MONOGRAPH
          CBU-MAIN LIBRARY, KITWE. CBU-MAIN LIBRARY, KITWE.   06/29/2023   QA 911 Cha 749926 06/29/2023 3 06/29/2023 MONOGRAPH
          CBU-MAIN LIBRARY, KITWE. CBU-MAIN LIBRARY, KITWE.   06/29/2023   QA 911 Cha 749923 06/29/2023 4 06/29/2023 MONOGRAPH
          CBU-MAIN LIBRARY, KITWE. CBU-MAIN LIBRARY, KITWE.   06/29/2023   QA 911 Cha 749924 06/29/2023 5 06/29/2023 MONOGRAPH